书目信息 |
| 题名: |
中华文学
|
|
| 作者: | 董秀菊 编著 | |
| 分册: | ||
| 出版信息: | 北京 大众文艺出版社 2008.10 |
|
| 页数: | 378页 | |
| 开本: | 20cm | |
| 丛书名: | ||
| 单 册: | ||
| 中图分类: | I106 | |
| 科图分类: | ||
| 主题词: | 文学--世界 | |
| 电子资源: | ||
| ISBN: | 978-7-80171-556-2 | |
| 000 | 00594nam0 2200217 45 | |
| 001 | 0932808817 | |
| 005 | 20091021090923.85 | |
| 010 | @a978-7-80171-556-2@dCNY29.80 | |
| 100 | @a20090515d2008 ekmy0 y0120 ea | |
| 102 | @aCN@b130000 | |
| 102 | @aCN@b110000 | |
| 105 | @ay z 000yy | |
| 200 | 1 | @a中华文学@Azhong hua wen xue@f董秀菊编著@Fdong xiu ju bian zhu |
| 210 | @a北京@c大众文艺出版社@d2008.10 | |
| 215 | @a378页@d20cm | |
| 606 | 0 | @a文学@x世界 |
| 690 | @aI106@v4 | |
| 701 | 0 | @a董秀菊@Adong xiu ju@4编著 |
| 801 | 0 | @aCN@c20091021 |
| 905 | @a10447@dI106@eD7404 | |
| 906 | @d60@n3@r1 | |
| 中华文学/董秀菊编著.-北京:大众文艺出版社,2008.10 |
| 378页;20cm |
| ISBN 978-7-80171-556-2:CNY29.80 |
| ● |
| 相关链接 |
|
|
|
正题名:中华文学
索取号:I106/D7404
 
预约/预借
| 序号 | 登录号 | 条形码 | 馆藏地/架位号 | 状态 | 备注 |
| 1 | 894470 | 208944703 | 社科二线400B/400B社科库 11排4列1层/ [索取号:I106/D7404] | 在馆 | |
| 2 | 894471 | 208944712 | 社科二线400B/108文学库 1排5列3层/ [索取号:I106/D7404] | 在馆 | |
| 3 | 894472 | 208944721 | 社科二线400B/400B社科库 11排4列1层/ [索取号:I106/D7404] | 在馆 | |
| 4 | 894473 | 208944730 | 文学库108/108文学库 1排5列4层/ [索取号:I106/D7404] | 在馆 | |
| 5 | 894474 | 208944749 | 社科二线400B/400B社科库 20排4列6层/ [索取号:I106/D7404] | 在馆 | |
| 6 | 894475 | 208944758 | 社科二线400B/400B社科库 20排4列2层/ [索取号:I106/D7404] | 在馆 |